| 000 | 00515cam a22002171 4500 | ||
|---|---|---|---|
| 001 | sa 65009778 | ||
| 003 | DLC | ||
| 005 | 20260227112204.0 | ||
| 008 | 890514s1965 xx 000 0 urdo | ||
| 010 | _asa 65009778 | ||
| 035 | _a(OCoLC)23540983 | ||
| 040 |
_aDLC _cMiU _dDLC |
||
| 042 | _apremarc | ||
| 050 | 0 | 0 |
_aBP87.5 _b.A9 |
| 100 | 0 |
_aʻAzīzurraḥmān Bijnaurī, _d1925- |
|
| 245 | 1 | 0 | _aVaṣāyā. |
| 260 | _c[1965?] | ||
| 300 |
_av. _c19 cm. |
||
| 500 | _aRomanized. | ||
| 650 | 0 | _aIslamic literature | |
| 999 |
_c66417 _d66417 |
||